[Event "DVM U14 2022"]
[Site "Kelheim GER"]
[Date "2022.12.28"]
[Round "3"]
[White "Wachtel, Alexandra"]
[Black "Großmann, Moritz"]
[Result "1/2-1/2"]
[Termination "normal"]
[Board "6.4"]
[WhiteElo "1147"]
[BlackElo "1372"]
[WhiteClock "00:08:32"]
[BlackClock "00:02:59"]
[WhiteTeam "Schachfreunde Augsburg"]
[BlackTeam "SG Königskinder Hohentübingen e.V."]
[PlyCount "88"]
[WhiteFideId "34620427"]
[BlackFideId "34640266"]
[EventCountry "GER"]
[EventRounds "7"]
[EventType "team-swiss"]
[EventDate "2022.12.26"]

1. e4 {[%clk 01:30:57]} {[%emt 00:40:09]} c6 {[%clk 01:30:52]} {[%emt
00:00:08]} 2. Nf3 {[%clk 01:31:18]} {[%emt 00:00:10]} d5 {[%clk 01:30:40]}
{[%emt 00:00:41]} 3. d3 {[%clk 01:30:55]} {[%emt 00:00:54]} d4 {[%clk
01:27:22]} {[%emt 00:03:48]} 4. Be2 {[%clk 01:27:42]} {[%emt 00:03:42]} e5
{[%clk 01:26:06]} {[%emt 00:01:46]} 5. Nbd2 {[%clk 01:26:26]} {[%emt 00:01:46]}
f6 {[%clk 01:26:17]} {[%emt 00:00:20]} 6. O-O {[%clk 01:26:10]} {[%emt
00:00:45]} c5 {[%clk 01:15:54]} {[%emt 00:10:54]} 7. h3 {[%clk 01:24:10]}
{[%emt 00:02:30]} Nc6 {[%clk 01:16:07]} {[%emt 00:00:17]} 8. Nh2 {[%clk
01:23:17]} {[%emt 00:01:23]} Bd6 {[%clk 01:13:11]} {[%emt 00:03:26]} 9. Nc4
{[%clk 01:16:32]} {[%emt 00:07:15]} Be6 {[%clk 01:12:02]} {[%emt 00:01:38]} 10.
Nxd6 {[%clk 01:14:06]} {[%emt 00:02:56]} Qxd6 {[%clk 01:12:16]} {[%emt
00:00:17]} 11. f4 {[%clk 01:12:30]} {[%emt 00:02:06]} O-O-O {[%clk 01:11:37]}
{[%emt 00:01:08]} 12. f5 {[%clk 01:11:45]} {[%emt 00:01:15]} Bf7 {[%clk
01:11:56]} {[%emt 00:00:11]} 13. Bh5 {[%clk 01:08:31]} {[%emt 00:03:44]} Bxh5
{[%clk 00:55:13]} {[%emt 00:17:14]} 14. Qxh5 {[%clk 01:08:46]} {[%emt
00:00:15]} Nge7 {[%clk 00:55:01]} {[%emt 00:00:42]} 15. Qf3 {[%clk 00:56:58]}
{[%emt 00:12:16]} Rdf8 {[%clk 00:53:48]} {[%emt 00:01:45]} 16. g4 {[%clk
00:49:13]} {[%emt 00:08:15]} g5 {[%clk 00:48:37]} {[%emt 00:05:41]} 17. Kf2
{[%clk 00:46:36]} {[%emt 00:03:04]} Qd8 {[%clk 00:47:13]} {[%emt 00:01:56]} 18.
Bd2 {[%clk 00:43:13]} {[%emt 00:03:53]} b5 {[%clk 00:41:41]} {[%emt 00:06:01]}
19. c3 {[%clk 00:36:32]} {[%emt 00:07:12]} Kb7 {[%clk 00:20:11]} {[%emt
00:22:01]} 20. a4 {[%clk 00:33:08]} {[%emt 00:03:53]} a6 {[%clk 00:19:53]}
{[%emt 00:00:48]} 21. axb5 {[%clk 00:30:34]} {[%emt 00:03:04]} axb5 {[%clk
00:20:16]} {[%emt 00:00:07]} 22. Ra2 {[%clk 00:27:41]} {[%emt 00:03:21]} Qb6
{[%clk 00:20:02]} {[%emt 00:00:46]} 23. Rfa1 {[%clk 00:26:28]} {[%emt
00:01:43]} Ra8 {[%clk 00:20:06]} {[%emt 00:00:26]} 24. Kg2 {[%clk 00:24:20]}
{[%emt 00:02:39]} b4 {[%clk 00:09:09]} {[%emt 00:11:26]} 25. Qd1 {[%clk
00:20:54]} {[%emt 00:03:55]} Na5 {[%clk 00:04:57]} {[%emt 00:04:44]} 26. Qa4
{[%clk 00:17:44]} {[%emt 00:03:38]} Rhd8 {[%clk 00:05:13]} {[%emt 00:00:15]}
27. cxb4 {[%clk 00:14:15]} {[%emt 00:03:59]} Nc4 {[%clk 00:04:25]} {[%emt
00:01:19]} 28. bxc5 {[%clk 00:10:45]} {[%emt 00:04:00]} Rxa4 {[%clk 00:02:14]}
{[%emt 00:02:41]} 29. cxb6 {[%clk 00:10:42]} {[%emt 00:00:33]} Rxa2 {[%clk
00:02:19]} {[%emt 00:00:25]} 30. Rxa2 {[%clk 00:11:05]} {[%emt 00:00:06]} Nxb6
{[%clk 00:01:36]} {[%emt 00:01:14]} 31. Ba5 {[%clk 00:10:57]} {[%emt 00:00:36]}
Ra8 {[%clk 00:01:46]} {[%emt 00:00:21]} 32. Ra3 {[%clk 00:10:50]} {[%emt
00:00:36]} Nc6 {[%clk 00:02:07]} {[%emt 00:00:09]} 33. Bxb6 {[%clk 00:11:07]}
{[%emt 00:00:14]} Rxa3 {[%clk 00:02:33]} {[%emt 00:00:05]} 34. bxa3 {[%clk
00:11:29]} {[%emt 00:00:07]} Kxb6 {[%clk 00:02:59]} {[%emt 00:00:04]} 35. Nf3
{[%clk 00:11:47]} {[%emt 00:00:12]} Kb5 {[%clk 00:03:12]} {[%emt 00:00:17]} 36.
Kg3 {[%clk 00:10:21]} {[%emt 00:01:56]} Ka4 {[%clk 00:03:25]} {[%emt 00:00:17]}
37. Kf2 {[%clk 00:10:09]} {[%emt 00:00:42]} Kxa3 {[%clk 00:03:46]} {[%emt
00:00:09]} 38. Ke2 {[%clk 00:10:31]} {[%emt 00:00:08]} Kb2 {[%clk 00:04:03]}
{[%emt 00:00:13]} 39. Kd2 {[%clk 00:10:51]} {[%emt 00:00:10]} Nd8 {[%clk
00:03:25]} {[%emt 00:01:09]} 40. h4 {[%clk 00:10:35]} {[%emt 00:00:46]} h6
{[%clk 00:03:29]} {[%emt 00:00:25]} 41. hxg5 {[%clk 00:10:22]} {[%emt
00:00:43]} hxg5 {[%clk 00:03:49]} {[%emt 00:00:10]} 42. Ng1 {[%clk 00:09:32]}
{[%emt 00:01:20]} Nf7 {[%clk 00:03:45]} {[%emt 00:00:34]} 43. Nh3 {[%clk
00:08:41]} {[%emt 00:01:19]} Nh6 {[%clk 00:02:52]} {[%emt 00:01:25]} 44. Nf2
{[%clk 00:08:32]} {[%emt 00:00:39]} Kb1 {[%clk 00:02:59]} {[%emt 00:00:22]}
1/2-1/2

[Event "DVM U14 2022"]
[Site "Kelheim GER"]
[Date "2022.12.28"]
[Round "3"]
[White "Zhang, Yibo"]
[Black "Huber, Benedikt"]
[Result "1/2-1/2"]
[Termination "normal"]
[Board "7.1"]
[WhiteElo "1537"]
[BlackElo "1898"]
[WhiteClock "00:32:18"]
[BlackClock "00:14:48"]
[WhiteTeam "SV Stuttgart-Wolfbusch 1956 e.V."]
[BlackTeam "SK Kelheim 1920"]
[PlyCount "97"]
[WhiteFideId "16287657"]
[BlackFideId "16281225"]
[EventCountry "GER"]
[EventRounds "7"]
[EventType "team-swiss"]
[EventDate "2022.12.26"]

1. e4 {[%clk 01:30:51]} {[%emt 00:00:08]} c6 {[%clk 01:30:43]} {[%emt
00:00:18]} 2. d4 {[%clk 01:31:16]} {[%emt 00:00:05]} d5 {[%clk 01:31:07]}
{[%emt 00:00:06]} 3. exd5 {[%clk 01:31:42]} {[%emt 00:00:05]} cxd5 {[%clk
01:31:30]} {[%emt 00:00:06]} 4. Bd3 {[%clk 01:32:07]} {[%emt 00:00:04]} Nc6
{[%clk 01:31:53]} {[%emt 00:00:08]} 5. c3 {[%clk 01:32:33]} {[%emt 00:00:05]}
Nf6 {[%clk 01:32:15]} {[%emt 00:00:06]} 6. h3 {[%clk 01:32:55]} {[%emt
00:00:09]} e6 {[%clk 01:31:58]} {[%emt 00:00:47]} 7. Bf4 {[%clk 01:33:13]}
{[%emt 00:00:13]} Bd6 {[%clk 01:32:12]} {[%emt 00:00:15]} 8. Bxd6 {[%clk
01:33:32]} {[%emt 00:00:11]} Qxd6 {[%clk 01:32:35]} {[%emt 00:00:07]} 9. Nf3
{[%clk 01:33:52]} {[%emt 00:00:10]} a6 {[%clk 01:31:55]} {[%emt 00:01:10]} 10.
O-O {[%clk 01:33:54]} {[%emt 00:00:28]} O-O {[%clk 01:32:13]} {[%emt 00:00:12]}
11. Nbd2 {[%clk 01:33:59]} {[%emt 00:00:25]} b5 {[%clk 01:30:50]} {[%emt
00:01:53]} 12. Re1 {[%clk 01:33:52]} {[%emt 00:00:37]} Bb7 {[%clk 01:29:48]}
{[%emt 00:01:32]} 13. Nb3 {[%clk 01:33:31]} {[%emt 00:00:52]} Nd7 {[%clk
01:26:44]} {[%emt 00:03:33]} 14. Bc2 {[%clk 01:29:07]} {[%emt 00:04:55]} b4
{[%clk 01:22:24]} {[%emt 00:04:49]} 15. Qd3 {[%clk 01:24:10]} {[%emt 00:05:27]}
g6 {[%clk 01:22:39]} {[%emt 00:00:15]} 16. Qd2 {[%clk 01:14:29]} {[%emt
00:10:11]} Kg7 {[%clk 01:19:40]} {[%emt 00:03:29]} 17. Ne5 {[%clk 01:06:24]}
{[%emt 00:08:35]} bxc3 {[%clk 01:08:28]} {[%emt 00:11:41]} 18. Qxc3 {[%clk
00:58:45]} {[%emt 00:08:10]} Ndxe5 {[%clk 01:02:04]} {[%emt 00:06:54]} 19. dxe5
{[%clk 00:58:33]} {[%emt 00:00:42]} Qe7 {[%clk 01:02:27]} {[%emt 00:00:07]} 20.
Qc5 {[%clk 00:54:39]} {[%emt 00:04:24]} Rfc8 {[%clk 01:02:32]} {[%emt
00:00:24]} 21. Rac1 {[%emt 00:02:11]} Rc7 {[%clk 00:54:59]} {[%emt 00:08:01]}
22. Bb1 {[%clk 00:49:35]} {[%emt 00:03:55]} Rac8 {[%clk 00:49:13]} {[%emt
00:06:16]} 23. Qd6 {[%clk 00:47:30]} {[%emt 00:02:35]} Rd7 {[%clk 00:42:23]}
{[%emt 00:07:21]} 24. Qxe7 {[%clk 00:47:27]} {[%emt 00:00:32]} Rxe7 {[%clk
00:42:11]} {[%emt 00:00:41]} 25. Nc5 {[%clk 00:47:33]} {[%emt 00:00:25]} Rec7
{[%clk 00:18:24]} {[%emt 00:24:18]} 26. Rc3 {[%clk 00:39:05]} {[%emt 00:08:57]}
Nd8 {[%clk 00:12:39]} {[%emt 00:06:15]} 27. Rec1 {[%clk 00:35:12]} {[%emt
00:04:23]} Rc6 {[%clk 00:10:39]} {[%emt 00:02:30]} 28. Nb3 {[%clk 00:19:33]}
{[%emt 00:16:10]} Rxc3 {[%clk 00:07:47]} {[%emt 00:03:22]} 29. Rxc3 {[%clk
00:19:18]} {[%emt 00:00:45]} Rxc3 {[%clk 00:05:25]} {[%emt 00:02:51]} 30. bxc3
{[%clk 00:18:55]} {[%emt 00:00:52]} Nc6 {[%clk 00:05:53]} {[%emt 00:00:03]} 31.
f4 {[%clk 00:18:07]} {[%emt 00:01:19]} f6 {[%clk 00:05:59]} {[%emt 00:00:24]}
32. Nd4 {[%clk 00:17:58]} {[%emt 00:00:38]} fxe5 {[%clk 00:03:37]} {[%emt
00:02:52]} 33. Nxc6 {[%clk 00:17:58]} {[%emt 00:00:29]} Bxc6 {[%clk 00:04:03]}
{[%emt 00:00:05]} 34. fxe5 {[%clk 00:18:23]} {[%emt 00:00:05]} Bb5 {[%clk
00:04:14]} {[%emt 00:00:20]} 35. g4 {[%clk 00:18:16]} {[%emt 00:00:36]} Kf7
{[%clk 00:03:38]} {[%emt 00:01:07]} 36. Kf2 {[%clk 00:18:25]} {[%emt 00:00:21]}
Ke7 {[%clk 00:03:23]} {[%emt 00:00:45]} 37. Ke3 {[%clk 00:18:11]} {[%emt
00:00:44]} Kd7 {[%clk 00:01:59]} {[%emt 00:01:54]} 38. Kf4 {[%clk 00:16:03]}
{[%emt 00:02:38]} Ke7 {[%clk 00:01:45]} {[%emt 00:00:44]} 39. Kg5 {[%clk
00:13:40]} {[%emt 00:02:53]} Bf1 {[%clk 00:01:27]} {[%emt 00:00:47]} 40. h4
{[%clk 00:11:19]} {[%emt 00:02:51]} Kf7 {[%clk 00:01:02]} {[%emt 00:00:56]} 41.
Kh6 {[%clk 00:11:32]} {[%emt 00:00:15]} Bg2 {[%clk 00:01:00]} {[%emt 00:00:33]}
42. Bd3 {[%clk 00:11:31]} {[%emt 00:00:30]} a5 {[%clk 00:00:48]} {[%emt
00:00:43]} 43. Bb5 {[%clk 00:11:26]} {[%emt 00:00:35]} Bf3 {[%clk 00:29:32]}
{[%emt 00:01:46]} 44. Kxh7 {[%clk 00:38:41]} {[%emt 00:03:14]} Bxg4 {[%clk
00:28:33]} {[%emt 00:01:31]} 45. Kh6 {[%clk 00:38:24]} {[%emt 00:00:46]} Bf5
{[%clk 00:28:06]} {[%emt 00:00:57]} 46. Kg5 {[%clk 00:37:08]} {[%emt 00:01:46]}
Ke7 {[%clk 00:24:12]} {[%emt 00:04:23]} 47. Be2 {[%clk 00:36:55]} {[%emt
00:00:44]} Be4 {[%clk 00:18:02]} {[%emt 00:06:39]} 48. Kf4 {[%clk 00:34:37]}
{[%emt 00:02:50]} Bf5 {[%clk 00:14:48]} {[%emt 00:03:43]} 49. Ke3 {[%clk
00:32:18]} {[%emt 00:02:16]} 1/2-1/2

[Event "DVM U14 2022"]
[Site "Kelheim GER"]
[Date "2022.12.28"]
[Round "3"]
[White "Friedrich, Timofej"]
[Black "Weinberger, Maxim"]
[Result "1-0"]
[Termination "normal"]
[Board "7.3"]
[WhiteElo "1461"]
[BlackElo "1148"]
[WhiteClock "01:07:53"]
[BlackClock "00:56:34"]
[WhiteTeam "SV Stuttgart-Wolfbusch 1956 e.V."]
[BlackTeam "SK Kelheim 1920"]
[PlyCount "87"]
[WhiteFideId "34617191"]
[BlackFideId "16290330"]
[EventCountry "GER"]
[EventRounds "7"]
[EventType "team-swiss"]
[EventDate "2022.12.26"]

1. e4 {[%clk 01:30:59]} e5 {[%clk 01:30:55]} {[%emt 00:00:06]} 2. Nf3 {[%clk
01:31:23]} {[%emt 00:00:05]} Nc6 {[%clk 01:31:21]} {[%emt 00:00:05]} 3. Bc4
{[%clk 01:31:46]} {[%emt 00:00:07]} Bc5 {[%clk 01:31:46]} {[%emt 00:00:05]} 4.
Nc3 {[%clk 01:31:49]} {[%emt 00:00:27]} Nf6 {[%clk 01:31:17]} {[%emt 00:00:59]}
5. d3 {[%clk 01:31:58]} {[%emt 00:00:21]} d6 {[%clk 01:31:27]} {[%emt
00:00:21]} 6. h3 {[%clk 01:31:44]} {[%emt 00:00:43]} a6 {[%clk 01:31:41]}
{[%emt 00:00:16]} 7. a4 {[%clk 01:31:57]} {[%emt 00:00:17]} Ba7 {[%clk
01:31:44]} {[%emt 00:00:27]} 8. a5 {[%clk 01:31:48]} {[%emt 00:00:40]} Qe7
{[%clk 01:30:21]} {[%emt 00:01:53]} 9. Bg5 {[%clk 01:28:31]} {[%emt 00:03:45]}
Be6 {[%clk 01:29:04]} {[%emt 00:01:48]} 10. Nd5 {[%clk 01:25:34]} {[%emt
00:03:27]} Qd8 {[%clk 01:25:40]} {[%emt 00:03:53]} 11. c3 {[%clk 01:24:17]}
{[%emt 00:01:48]} h6 {[%clk 01:24:41]} {[%emt 00:01:29]} 12. Bxf6 {[%clk
01:23:44]} {[%emt 00:01:02]} gxf6 {[%clk 01:25:01]} {[%emt 00:00:11]} 13. Qb3
{[%clk 01:23:13]} {[%emt 00:01:01]} b6 {[%clk 01:10:06]} {[%emt 00:15:25]} 14.
axb6 {[%clk 01:22:31]} {[%emt 00:01:13]} cxb6 {[%clk 01:10:15]} {[%emt
00:00:20]} 15. Bxa6 {[%clk 01:15:51]} {[%emt 00:07:10]} Na5 {[%clk 01:09:05]}
{[%emt 00:01:40]} 16. Bb5 {[%clk 01:15:34]} {[%emt 00:00:47]} Bd7 {[%clk
01:08:37]} {[%emt 00:00:58]} 17. Bxd7 {[%clk 01:15:46]} {[%emt 00:00:17]} Kxd7
{[%clk 01:08:08]} {[%emt 00:00:59]} 18. Qb5 {[%clk 01:15:43]} {[%emt 00:00:33]}
Ke6 {[%clk 01:02:32]} {[%emt 00:06:07]} 19. d4 {[%clk 01:12:04]} {[%emt
00:04:08]} Qc8 {[%clk 01:01:14]} {[%emt 00:01:49]} 20. Nxb6 {[%clk 01:09:19]}
{[%emt 00:03:15]} Bxb6 {[%clk 01:00:38]} {[%emt 00:01:06]} 21. Qxb6 {[%clk
01:09:26]} {[%emt 00:00:22]} Nb7 {[%clk 00:58:29]} {[%emt 00:02:40]} 22. Rxa8
{[%clk 01:07:05]} {[%emt 00:02:51]} Qxa8 {[%clk 00:58:37]} {[%emt 00:00:21]}
23. d5 {[%clk 01:07:23]} {[%emt 00:00:12]} Ke7 {[%clk 00:58:54]} {[%emt
00:00:13]} 24. Qc7 {[%clk 01:07:37]} {[%emt 00:00:17]} Kf8 {[%clk 00:59:16]}
{[%emt 00:00:08]} 25. O-O {[%clk 01:07:44]} {[%emt 00:00:22]} Kg7 {[%clk
00:58:47]} {[%emt 00:00:59]} 26. Nh4 {[%clk 01:07:42]} {[%emt 00:00:32]} Rf8
{[%clk 00:52:17]} {[%emt 00:07:01]} 27. Nf5 {[%clk 01:07:35]} {[%emt 00:00:38]}
Kg6 {[%clk 00:52:04]} {[%emt 00:00:42]} 28. Nxd6 {[%clk 01:07:23]} {[%emt
00:00:41]} Nxd6 {[%clk 00:52:28]} {[%emt 00:00:07]} 29. Qxd6 {[%clk 01:07:46]}
{[%emt 00:00:07]} Rd8 {[%clk 00:52:44]} {[%emt 00:00:14]} 30. Qa3 {[%clk
01:05:27]} {[%emt 00:02:49]} Qc8 {[%clk 00:52:35]} {[%emt 00:00:39]} 31. Re1
{[%clk 01:04:19]} {[%emt 00:01:38]} Kh7 {[%clk 00:52:45]} {[%emt 00:00:19]} 32.
Qe7 {[%clk 01:04:27]} {[%emt 00:00:22]} Rg8 {[%clk 00:52:59]} {[%emt 00:00:16]}
33. Qxf7 {[%clk 01:04:32]} {[%emt 00:00:25]} Rg7 {[%clk 00:53:25]} {[%emt
00:00:05]} 34. Qxf6 {[%clk 01:04:41]} {[%emt 00:00:21]} Qxh3 {[%clk 00:53:50]}
{[%emt 00:00:06]} 35. Qf5 {[%clk 01:05:03]} {[%emt 00:00:07]} Qxf5 {[%clk
00:53:53]} {[%emt 00:00:27]} 36. exf5 {[%clk 01:05:26]} {[%emt 00:00:06]} Rf7
{[%clk 00:54:13]} {[%emt 00:00:11]} 37. Rxe5 {[%clk 01:05:45]} {[%emt
00:00:11]} Kg7 {[%clk 00:54:36]} {[%emt 00:00:06]} 38. f4 {[%clk 01:05:52]}
{[%emt 00:00:23]} Kf6 {[%clk 00:54:53]} {[%emt 00:00:13]} 39. g3 {[%clk
01:06:01]} {[%emt 00:00:21]} Rd7 {[%clk 00:55:11]} {[%emt 00:00:12]} 40. Re6
{[%clk 01:06:20]} {[%emt 00:00:11]} Kxf5 {[%clk 00:55:34]} {[%emt 00:00:07]}
41. Rxh6 {[%clk 01:06:43]} {[%emt 00:00:07]} Rxd5 {[%clk 00:55:58]} {[%emt
00:00:06]} 42. Rh5 {[%clk 01:07:07]} {[%emt 00:00:06]} Ke4 {[%clk 00:56:09]}
{[%emt 00:00:20]} 43. Rxd5 {[%clk 01:07:31]} {[%emt 00:00:06]} Kxd5 {[%clk
00:56:34]} {[%emt 00:00:05]} 44. Kf2 {[%clk 01:07:53]} {[%emt 00:00:07]} 1-0

[Event "DVM U14 2022"]
[Site "Kelheim GER"]
[Date "2022.12.28"]
[Round "3"]
[White "Dauerer, Leonhard"]
[Black "Schimann, Kirill"]
[Result "0-1"]
[Termination "normal"]
[Board "7.4"]
[WhiteElo "1069"]
[BlackElo "1363"]
[WhiteClock "01:09:28"]
[BlackClock "01:05:35"]
[WhiteTeam "SK Kelheim 1920"]
[BlackTeam "SV Stuttgart-Wolfbusch 1956 e.V."]
[PlyCount "96"]
[WhiteFideId "34640223"]
[BlackFideId "16296338"]
[EventCountry "GER"]
[EventRounds "7"]
[EventType "team-swiss"]
[EventDate "2022.12.26"]

1. e4 {[%clk 01:30:59]} c6 {[%clk 01:30:53]} {[%emt 00:00:07]} 2. d4 {[%clk
01:31:23]} {[%emt 00:00:06]} d5 {[%clk 01:31:19]} {[%emt 00:00:04]} 3. Nc3
{[%clk 01:31:48]} {[%emt 00:00:06]} dxe4 {[%clk 01:31:44]} {[%emt 00:00:04]} 4.
Nxe4 {[%clk 01:32:11]} {[%emt 00:00:08]} Bf5 {[%clk 01:32:10]} {[%emt
00:00:04]} 5. Ng3 {[%clk 01:32:30]} {[%emt 00:00:11]} Bg6 {[%clk 01:32:36]}
{[%emt 00:00:04]} 6. Nf3 {[%clk 01:32:50]} {[%emt 00:00:10]} e6 {[%clk
01:33:01]} {[%emt 00:00:05]} 7. Bc4 {[%clk 01:33:04]} {[%emt 00:00:16]} Nf6
{[%clk 01:33:20]} {[%emt 00:00:10]} 8. Bg5 {[%emt 00:00:17]} h6 {[%clk
01:33:26]} {[%emt 00:00:22]} 9. Be3 {[%clk 01:33:34]} {[%emt 00:00:15]} Be7
{[%clk 01:33:13]} {[%emt 00:00:42]} 10. O-O {[%clk 01:32:57]} {[%emt 00:01:09]}
O-O {[%clk 01:32:54]} {[%emt 00:00:49]} 11. c3 {[%clk 01:33:17]} {[%emt
00:00:10]} Nbd7 {[%clk 01:33:06]} {[%emt 00:00:18]} 12. Re1 {[%clk 01:32:15]}
{[%emt 00:01:31]} Nd5 {[%clk 01:33:09]} {[%emt 00:00:26]} 13. Qd2 {[%clk
01:32:11]} {[%emt 00:00:36]} Nxe3 {[%clk 01:33:10]} {[%emt 00:00:29]} 14. fxe3
{[%clk 01:31:41]} {[%emt 00:00:59]} Nb6 {[%clk 01:32:50]} {[%emt 00:00:50]} 15.
Bb3 {[%clk 01:31:25]} {[%emt 00:00:47]} Bd6 {[%clk 01:32:04]} {[%emt 00:01:10]}
16. Qf2 {[%clk 01:31:02]} {[%emt 00:00:58]} Qc7 {[%clk 01:31:17]} {[%emt
00:01:18]} 17. Rad1 {[%clk 01:30:29]} {[%emt 00:01:02]} Bxg3 {[%clk 01:30:34]}
{[%emt 00:01:13]} 18. Qxg3 {[%clk 01:30:50]} {[%emt 00:00:10]} Qxg3 {[%clk
01:30:51]} {[%emt 00:00:12]} 19. hxg3 {[%clk 01:31:10]} {[%emt 00:00:10]} Rad8
{[%clk 01:30:01]} {[%emt 00:01:20]} 20. Kf2 {[%clk 01:29:56]} {[%emt 00:01:45]}
Nc8 {[%clk 01:29:20]} {[%emt 00:01:06]} 21. Ne5 {[%clk 01:29:02]} {[%emt
00:01:27]} Bh7 {[%clk 01:28:53]} {[%emt 00:00:58]} 22. Rf1 {[%clk 01:28:24]}
{[%emt 00:01:09]} Rd6 {[%clk 01:23:31]} {[%emt 00:05:50]} 23. Nc4 {[%clk
01:28:03]} {[%emt 00:00:52]} Rd7 {[%clk 01:23:24]} {[%emt 00:00:33]} 24. Ne5
{[%clk 01:28:02]} {[%emt 00:00:35]} Re7 {[%clk 01:22:42]} {[%emt 00:01:10]} 25.
Rh1 {[%clk 01:27:25]} {[%emt 00:01:09]} Nd6 {[%clk 01:21:24]} {[%emt 00:01:47]}
26. Kf3 {[%clk 01:26:17]} {[%emt 00:01:40]} Ne4 {[%clk 01:19:37]} {[%emt
00:02:17]} 27. Rh4 {[%clk 01:25:42]} {[%emt 00:01:05]} Nf6 {[%clk 01:17:16]}
{[%emt 00:02:48]} 28. Rdh1 {[%clk 01:18:48]} {[%emt 00:07:26]} Nd7 {[%clk
01:15:48]} {[%emt 00:01:55]} 29. Rh5 {[%clk 01:15:47]} {[%emt 00:03:35]} Nxe5
{[%clk 01:13:04]} {[%emt 00:03:13]} 30. Rxe5 {[%clk 01:15:02]} {[%emt
00:01:15]} Bg6 {[%clk 01:12:37]} {[%emt 00:00:57]} 31. g4 {[%clk 01:14:25]}
{[%emt 00:01:08]} b6 {[%clk 01:10:09]} {[%emt 00:02:55]} 32. g5 {[%clk
01:12:23]} {[%emt 00:02:34]} h5 {[%clk 01:09:57]} {[%emt 00:00:41]} 33. Kg3
{[%clk 01:10:47]} {[%emt 00:02:07]} Rfe8 {[%clk 01:08:47]} {[%emt 00:01:38]}
34. a3 {[%emt 00:02:18]} f6 {[%clk 01:07:17]} {[%emt 00:01:43]} 35. gxf6 {[%clk
01:09:03]} {[%emt 00:00:46]} gxf6 {[%clk 01:07:36]} {[%emt 00:00:11]} 36. Rexh5
{[%clk 01:09:26]} {[%emt 00:00:06]} Bxh5 {[%clk 01:07:54]} {[%emt 00:00:12]}
37. Rxh5 {[%clk 01:09:50]} {[%emt 00:00:06]} Rh7 {[%clk 01:07:01]} {[%emt
00:01:17]} 38. Rh4 {[%clk 01:09:52]} {[%emt 00:00:35]} Rxh4 {[%clk 01:06:57]}
{[%emt 00:00:34]} 39. Kxh4 {[%clk 01:10:14]} {[%emt 00:00:07]} Kg7 {[%clk
01:06:48]} {[%emt 00:00:38]} 40. Kg3 {[%clk 01:09:58]} {[%emt 00:00:48]} e5
{[%clk 01:06:54]} {[%emt 00:00:20]} 41. Kf2 {[%clk 01:10:00]} {[%emt 00:00:31]}
exd4 {[%clk 01:06:43]} {[%emt 00:00:42]} 42. exd4 {[%clk 01:09:25]} {[%emt
00:01:05]} Kg6 {[%clk 01:05:51]} {[%emt 00:01:21]} 43. Bc2 {[%clk 01:09:21]}
{[%emt 00:00:34]} Kg5 {[%clk 01:05:53]} {[%emt 00:00:28]} 44. g3 {[%clk
01:09:43]} {[%emt 00:00:09]} f5 {[%clk 01:04:59]} {[%emt 00:01:20]} 45. b4
{[%clk 01:10:04]} {[%emt 00:00:12]} Rh8 {[%clk 01:05:07]} {[%emt 00:00:23]} 46.
Kg2 {[%clk 01:09:56]} {[%emt 00:00:38]} f4 {[%clk 01:04:57]} {[%emt 00:00:39]}
47. gxf4 {[%clk 01:09:00]} {[%emt 00:01:26]} Kxf4 {[%clk 01:05:15]} {[%emt
00:00:13]} 48. Kf2 {[%clk 01:09:28]} {[%emt 00:00:02]} Rh2 {[%clk 01:05:35]}
{[%emt 00:00:10]} 0-1